Evaluacion del uso de acero laminado en caliente y en frio en el diseno de una estructura dual bajo el CSCR-02

Kaydedildi:
Detaylı Bibliyografya
Yazar: Vargas Araya, Tatiana
Materyal Türü: Kitap
Baskı/Yayın Bilgisi: [San José, Costa Rica] 2004
Konular:
Etiketler: Etiketle
Etiket eklenmemiş, İlk siz ekleyin!

MARC

LEADER 00000nam a2200000Ia 4500
003 009267
005 20221231144141.0
008 140114s2004 cr a m 000 ||s d
040 |c cru CEDI 
090 |a TFG 4807 
100 |a Vargas Araya, Tatiana  |9 6658 
245 |a Evaluacion del uso de acero laminado en caliente y en frio en el diseno de una estructura dual bajo el CSCR-02 
260 |c 2004  |a  [San José, Costa Rica] 
300 |a  xii, 204 hojas : ilustraciones (alguanas color)  
500 |a  Tesis (licenciatura en ingeniería civil)--Universidad de Costa Rica. Facultad de Ingeniería. Escuela de Ingeniería Civil 
650 |x MATERIALES LAMINADOS   |x  EVALUACION   |x MARCOS ESTRUCTURALES   |x ACERO  |9 6659 
942 |c TFG 
999 |c 17626  |d 17626